LittleDallas : the definitive guide to life with little ones in the Dallas area (Record no. 32058)

MARC details
000 -LEADER
fixed length control field 00938nam a2200181Ia 4500
020 ## - INTERNATIONAL STANDARD BOOK NUMBER
ISBN 0975390795
050 ## - CALL MARK
Classification number HQ 774 .B324/
100 ## - STATEMENT OF RESPONSIBILITY--MAIN AUTHOR NAME
Personal name Bannister, Kim Radtke
245 #0 - TITLE STATEMENT
Title LittleDallas : the definitive guide to life with little ones in the Dallas area
260 ## - PUBLICATION, DISTRIBUTION, ETC. (IMPRINT)
Place of publication Dallas
260 ## - PUBLICATION, DISTRIBUTION, ETC. (IMPRINT)
Name of publisher Brown Books
260 ## - PUBLICATION, DISTRIBUTION, ETC. (IMPRINT)
Year of publication 2005
300 ## - PHYSICAL DESCRIPTION
Number of Pages 344 p
650 ## - SUBJECT ADDED ENTRY--TOPICAL TERM
Topical Term Infants--Services for--Texas--Dallas Metropolitan Area--Directories. Toddlers--Services for--Texas--Dallas Metropolitan Area--Directories. Infant health services--Texas--Dallas Metropolitan Area--Directories. Maternal health services--Texas--Dallas Metropolitan Area--Directories. Infants' supplies--Texas--Dallas Metropolitan Area--Directories. Parents--Services for--Texas--Dallas Metropolitan Area--Directories. Family recreation--Texas--Dallas Metropolitan Area--Directories.
942 ## - ADDED ENTRY ELEMENTS (KOHA)
Koha item type Books
Holdings
Withdrawn status Lost status Source of classification or shelving scheme Damaged status Not for loan Permanent Location Current Location Date acquired Accession Number Price effective from Koha item type
    Library of Congress Classification     NILE UNIVERSITY OF NIGERIA - MAIN LIBRARY NILE UNIVERSITY OF NIGERIA - MAIN LIBRARY 04/23/2025 0006105 04/23/2025 Books